The perfect poison / (Record no. 234357)

000 -LEADER
fixed length control field 01886cam a22003734a 4500
001 - CONTROL NUMBER
control field 15615144
003 - CONTROL NUMBER IDENTIFIER
control field Nust
005 - DATE AND TIME OF LATEST TRANSACTION
control field 20170319175934.0
008 - FIXED-LENGTH DATA ELEMENTS--GENERAL INFORMATION
fixed length control field 090206r20092009miu d 000 1 eng
010 ## - LIBRARY OF CONGRESS CONTROL NUMBER
LC control number 2009004820
020 ## - INTERNATIONAL STANDARD BOOK NUMBER
International Standard Book Number 9780749909154 (lg. print : alk. paper)
035 ## - SYSTEM CONTROL NUMBER
System control number (OCoLC)ocn299716817
040 ## - CATALOGING SOURCE
Original cataloging agency DLC
Transcribing agency DLC
Modifying agency IG#
-- BTCTA
-- JED
-- JZ6
-- P@N
-- LF3
-- Q2Z
-- MPC
-- VP@
-- DLC
043 ## - GEOGRAPHIC AREA CODE
Geographic area code e-uk-en
050 10 - LIBRARY OF CONGRESS CALL NUMBER
Classification number PS3561.R44
Item number P48 2009b
082 00 - DEWEY DECIMAL CLASSIFICATION NUMBER
Classification number 813.54
Author Mark QUI
100 1# - MAIN ENTRY--PERSONAL NAME
Personal name Quick, Amanda.
245 14 - TITLE STATEMENT
Title The perfect poison /
Statement of responsibility, etc. Amanda Quick.
250 ## - EDITION STATEMENT
Edition statement Large print ed.
260 ## - PUBLICATION, DISTRIBUTION, ETC.
Place of publication, distribution, etc. Detroit [Mich.] :
Name of publisher, distributor, etc. Thorndike Press,
Date of publication, distribution, etc. 2009.
300 ## - PHYSICAL DESCRIPTION
Extent 342 p. (large print) ;
Dimensions 23 cm.
500 ## - GENERAL NOTE
General note "Thorndike Press large print basic"--t.p. verso.
500 ## - GENERAL NOTE
General note Originally published: G.P. Putnam's Sons, 2009.
520 ## - SUMMARY, ETC.
Summary, etc. Plagued by rumors that she poisoned her fiancé, Lucinda Bromley manages to live on the fringes of polite society. She tends her beloved plants and occasionally consults on a murder investigation, for the notorious botanist can detect almost any type of poison. But the murder of a lord has Lucinda shaken. She has detected a poison containing a very rare species of fern. So rare that the only specimen in England was in her conservatory - until it was stolen last month.
650 #0 - SUBJECT ADDED ENTRY--TOPICAL TERM
Topical term or geographic name entry element Women botanists
Geographic subdivision England
Form subdivision Fiction.
650 #0 - SUBJECT ADDED ENTRY--TOPICAL TERM
Topical term or geographic name entry element Secret societies
Geographic subdivision England
Form subdivision Fiction.
650 #0 - SUBJECT ADDED ENTRY--TOPICAL TERM
Topical term or geographic name entry element Psychic ability
Form subdivision Fiction.
650 #0 - SUBJECT ADDED ENTRY--TOPICAL TERM
Topical term or geographic name entry element Murder
General subdivision Investigation
Form subdivision Fiction.
650 #0 - SUBJECT ADDED ENTRY--TOPICAL TERM
Topical term or geographic name entry element Large type books.
655 #7 - INDEX TERM--GENRE/FORM
Genre/form data or focus term Mystery fiction.
Source of term gsafd
655 #7 - INDEX TERM--GENRE/FORM
Genre/form data or focus term Romantic suspense fiction.
Source of term gsafd
906 ## - LOCAL DATA ELEMENT F, LDF (RLIN)
a 7
b cbc
c orignew
d 1
e ecip
f 20
g y-gencatlg
942 ## - ADDED ENTRY ELEMENTS (KOHA)
Source of classification or shelving scheme
Koha item type Book
Holdings
Withdrawn status Lost status Source of classification or shelving scheme Damaged status Not for loan Permanent Location Current Location Shelving location Date acquired Total Checkouts Total Renewals Full call number Barcode Date last seen Date last checked out Copy number Price effective from Koha item type
          Central Library (CL) Central Library (CL) Fiction 03/19/2017 2 1 813.54 QUI CL1560 10/18/2021 02/18/2020 1 03/19/2017 Book
© 2023 Central Library, National University of Sciences and Technology. All Rights Reserved.